| 000 | 00433nam a2200157Ia 4500 | ||
|---|---|---|---|
| 003 | LK-CoDNM | ||
| 008 | 010623t1969 xxu||||| |||| 00| 1 eng d | ||
| 040 |
_aLK-CoDNM _dLK-CoDNM _eLK-CoDNM |
||
| 041 | _aeng | ||
| 080 | _aX398.4 OBE | ||
| 100 | _aObeyesekere,Gananath | ||
| 245 | _aThe Ritual Drama of the Sanni Demons : Collective Representations of Disease in Ceylon | ||
| 260 |
_b _c1969 |
||
| 300 | _b226p, 21 cm | ||
| 942 | _cBK | ||
| 999 |
_c107852 _d107852 |
||